| 000 | 00820nam a22002175i 4500 | ||
|---|---|---|---|
| 001 | 164171 | ||
| 003 | ES-MaACL | ||
| 005 | 20251014063238.0 | ||
| 008 | 981002s1879 sp |||| | spa d | ||
| 100 | 1 |
_aRuiz Giménez, Joaquín, _d1854-1934 _9100819 |
|
| 245 | 1 | 0 |
_aApuntes para la historia de la provincia de Jaén. _nTomo I / _cpor Joaquín Ruiz Giménez. |
| 260 |
_aJaén : _b[s.n.], _c1879 ( _fImp. de Santiago de Guindos) |
||
| 300 |
_aXV, 512 p. ; _c22 cm. |
||
| 510 | 4 |
_aPALAU, _c281938 |
|
| 530 | _aDisponible en formato digital. | ||
| 596 | _aNo se publicó más. | ||
| 651 |
_aJaén (Provincia)- _xHistoria. _9137242 |
||
| 852 |
_aES-MaACL _jG-9791(1) _z- Enc. hol. |
||
| 856 |
_uhttp://bdh-rd.bne.es/viewer.vm?id=0000187632&page=1 _zBiblioteca Digital Hispánica |
||
| 999 |
_c164171 _d164171 |
||